| 000 -LEADER |
| fixed length control field |
00943nam a22002295i 4500 |
| 001 - CONTROL NUMBER |
| control field |
19077361 |
| 005 - DATE AND TIME OF LATEST TRANSACTION |
| control field |
20211116114648.0 |
| 008 - FIXED-LENGTH DATA ELEMENTS--GENERAL INFORMATION |
| fixed length control field |
160428s2016 nyu 000 0 eng |
| 020 ## - INTERNATIONAL STANDARD BOOK NUMBER |
| International Standard Book Number |
9783319210179 |
| 041 ## - LANGUAGE CODE |
| Language code of text/sound track or separate title |
eng |
| 080 ## - UNIVERSAL DECIMAL CLASSIFICATION NUMBER |
| Universal Decimal Classification number |
517.98 I-57 |
| 245 00 - TITLE STATEMENT |
| Title |
Integral operators in non-standard function spaces : |
| Remainder of title |
volume 2: Variable Exponent Hölder, Morrey–Campanato and Grand Spaces / |
| Statement of responsibility, etc. |
Vakhtang Kokilashvili, Alexander Meskhi , Humberto Rafeiro, Stefan Samko. |
| 264 #1 - PRODUCTION, PUBLICATION, DISTRIBUTION, MANUFACTURE, AND COPYRIGHT NOTICE |
| Place of production, publication, distribution, manufacture |
Boston : |
| Name of producer, publisher, distributor, manufacturer |
Birkhäuser, |
| Date of production, publication, distribution, manufacture, or copyright notice |
2016. |
| 300 ## - PHYSICAL DESCRIPTION |
| Extent |
457pages; |
| Other physical details |
25 cm. |
| 653 ## - INDEX TERM--UNCONTROLLED |
| keyword |
ინტეგრალები |
| 653 ## - INDEX TERM--UNCONTROLLED |
| keyword |
არასტანდარტული ფუნქციები |
| 700 ## - ADDED ENTRY--PERSONAL NAME |
| Personal name |
Kokilashvili, Vakhtang |
| Relator term |
ავტორი |
| 9 (RLIN) |
8923 |
| 700 ## - ADDED ENTRY--PERSONAL NAME |
| Personal name |
Meskhi, Alexander |
| Relator term |
ავტორი |
| 9 (RLIN) |
8924 |
| 700 ## - ADDED ENTRY--PERSONAL NAME |
| Personal name |
Rafeiro Humberto |
| Relator term |
ავტორი |
| 9 (RLIN) |
8686 |
| 700 ## - ADDED ENTRY--PERSONAL NAME |
| Personal name |
Samko Stefan |
| Relator term |
ავტორი |
| 9 (RLIN) |
8687 |
| 942 ## - ADDED ENTRY ELEMENTS (KOHA) |
| Source of classification or shelving scheme |
|
| Koha item type |
წიგნი |